Estilistica y temática en Alejo Carpentier

Sábháilte in:
Sonraí bibleagrafaíochta
Príomhchruthaitheoir: Solano, Cida
Formáid: LEABHAR
Teanga:Undetermined
Foilsithe / Cruthaithe: San José, Costa Rica Texto limitada 1980
Ábhair:
Clibeanna: Cuir clib leis
Níl clibeanna ann, Bí ar an gcéad duine le clib a chur leis an taifead seo!

MARC

LEADER 00000nam a2200000Ia 4500
008 170316s9999 xx 000 0 und d
090 |a 801 S-24e 
100 |a Solano, Cida 
245 |a Estilistica y temática en Alejo Carpentier 
260 |a San José, Costa Rica 
260 |b Texto limitada 
260 |c 1980 
300 |a 180 páginas 
650 |a TEORÍA LITERARIA 
650 |a CARPENTIER ALEJO 
650 |a NOVELA CONTEMPORÁNEA 
650 |a ANÁLISIS LITERARIO 
999 |c 20653  |d 20653 
040 |a cru BVZT 
942 |c 15 D  |h 801 S-24e  |2 z